Szczegóły MARC21

Pytania o rozwój : wybór publiczny w polityce społeczno-gospodarczej państwa /

003 -Nazwa inst., której nr kontr. jest w polu 001 [,]
    • @
    • Nazwa instytucji, której n kontrolny jest w polu 001
    • NUKAT
005 -DATA I CZAS OSTATNIEJ MODYFIKACJI [,]
    • @
    • pole kontrolne
    • 20241231105219.0
040 -Instytucja sporządzająca opis [ , ]
    • a
    • Instytucja, która sporządziła opis (NP)
    • WA 14/MB
    • c
    • Instytucja, która sporządziła rekord (NP)
    • WA 14/MB
    • d
    • Instytucja, która zmodyfikowała rekord (P)
    • KR 7/HTs
    • d
    • Instytucja, która zmodyfikowała rekord (P)
    • WA LAZ/JF
942 -Rodzaj dokumentu [ , ]
    • c
    • Rodzaj dokumentu
    • Książka
245 -Strefa tytułu i oznaczenia odpowiedzialności [0,0]
    • a
    • Tytuł
    • Pytania o rozwój : Find
    • b
    • Ciąg dalszy tytułu (NP)
    • wybór publiczny w polityce społeczno-gospodarczej państwa / Find
    • c
    • Pozostałe elementy strefy tytułu i oznaczenia odpowiedzialności (NP)
    • pod red. Piotra Lewandowskiego ; [aut. ekspertyz Piotr Denderski et al. ; aut. esejów Michał Boni et al.].
246 -Wariant tytułu [3,0]
    • a
    • Tytuł (NP)
    • Wybór publiczny w polityce społeczno-gospodarczej państwa
260 -Strefa adresu wydawniczego [ , ]
    • a
    • Miejsce wydania (P)
    • Warszawa :
    • b
    • Nazwa wydawcy (P)
    • Instytut Badań Strukturalnych,
    • c
    • Data wydania (P)
    • 2008.
300 -Strefa opisu fizycznego [ , ]
    • a
    • Określenie formy książki i/lub objętość (NP)
    • 88 s. ;
    • c
    • Format (NP)
    • 25 cm.
336 -Typ zawartości [ , ]
    • a
    • Termin opisujący typ zawartości
    • Tekst
    • b
    • Kod określający zawartość
    • txt
    • 2
    • Źródło (terminu i kodu)
    • rdacontent
337 -Typ mediów [ , ]
    • a
    • Tryb odtwarzania
    • Bez urządzenia pośredniczącego
    • b
    • Kod typu mediów
    • n
    • 2
    • Źródło (terminu i kodu)
    • rdamedia
338 -Typ/rodzaj nośnika [ , ]
    • a
    • Hasło opisujące typ nośnika
    • Wolumin
    • b
    • Kod typu nośnika
    • nc
    • 2
    • Źródło (terminu i kodu)
    • rdacarrier
536 -Uwaga dot. finansowania książki [ , ]
    • a
    • Tekst uwagi
    • Publikację oprac. w ramach projektu "Pytania o rozwój - wybór publiczny w polityce społeczno-gospodarczej państwa" współfinansowanego ze środków przejściowych UE w ramach schematu grantowego 2005/017-488.01.01
080 -Uniwersalna Klasyfikacja Dziesiętna [ , ]
    • 2
    • Identyfikator wydania tablic
    • UDC-P058
    • 9
    • UKD
    • 2710
    • a
    • Symbol klasyfikacji
    • 304
    • b
    • Dopowiedzenie
    • Ogólne zagadnienia społeczne. Polityka społeczna.
    • 4
    • UKD2
    • 7642
    • x
    • Poddział wspólny
    • (438)
    • c
    • Dopowiedzenie poddz. wspólnego
    • (Polska).
    • 4
    • UKD2
    • 7992
    • x
    • Poddział wspólny
    • "1989/..."
    • c
    • Dopowiedzenie poddz. wspólnego
    • Od 1989.
650 -Hasło przedmiotowe [ ,7]
    • a
    • Hasło przedmiotowe
    • Debaty i spory
    • z
    • Określnik geograficzny
    • Polska
    • y
    • Określnik chronologiczny
    • 1990-.
    • 2
    • Źródło terminu
    • kaba
    • 9
    • KHW
    • 366952
651 -Hasło przedmiotowe w formie nazwy geograficznej [ ,7]
    • a
    • Nazwa geograficzna
    • Polska
    • x
    • Określnik rzeczowy
    • polityka gospodarcza
    • y
    • Określnik chronologiczny
    • 1989-
    • x
    • Określnik rzeczowy
    • opinia publiczna.
    • 2
    • Źródło terminu
    • kaba
    • 9
    • KHW
    • 366951
651 -Hasło przedmiotowe w formie nazwy geograficznej [ ,7]
    • a
    • Nazwa geograficzna
    • Polska
    • x
    • Określnik rzeczowy
    • polityka społeczna
    • y
    • Określnik chronologiczny
    • 1989-
    • x
    • Określnik rzeczowy
    • opinia publiczna.
    • 2
    • Źródło terminu
    • kaba
    • 9
    • KHW
    • 366950
980 -Symbol UKD [ , ]
    • a
    • UKD
    • 304(438)"1989/..."
700 -Hasło dodatkowe - nazwa osobowa [1, ]
    • a
    • Nazwa osobowa (NP)
    • Lewandowski, Piotr Find
    • d
    • Daty biograficzne (NP)
    • (1947- ).
    • e
    • Określenie rodzaju współpracy
    • Red.
    • 9
    • KHW
    • 10640
700 -Hasło dodatkowe - nazwa osobowa [1, ]
    • a
    • Nazwa osobowa (NP)
    • Denderski, Piotr. Find
    • 9
    • KHW
    • 43868
700 -Hasło dodatkowe - nazwa osobowa [1, ]
    • a
    • Nazwa osobowa (NP)
    • Boni, Michał Find
    • d
    • Daty biograficzne (NP)
    • (1954- ).
    • 9
    • KHW
    • 43869
710 -Hasło dodatkowe - nazwa ciała zbiorowego [2, ]
    • a
    • Nazwa ciała zbiorowego lub nazwa geograficzna jako pierwszy element (NP)
    • Instytut Badań Strukturalnych.
    • 4
    • Kod relacji
    • pbl
    • 9
    • KHW
    • 78471
856 -Dostęp do wersji elektronicznej [4,8]
    • 3
    • Wyszczególnienie materiału
    • Okładka
Numer inwentarzowy Status udost. Data inwentaryzacji Lokalizacja
E.73738-22012-04-02BE
S.94168-22012-04-02BE
S.94169-22012-04-02BE